| 000 | 00324nam a2200121Ia 4500 | ||
|---|---|---|---|
| 005 | 20260328104257.0 | ||
| 008 | 260328s9999||||xx |||||||||||||| ||und|| | ||
| 100 | _aBaker, Geoffrey H. | ||
| 245 | 0 |
_aLe Corbusier : _b Ánalisis de la Forma / _cGeoffrey H. Baker |
|
| 260 | _bGustavo Gili | ||
| 650 | _aARQUITECTOS | ||
| 942 | _cBK | ||
| 999 |
_c10479 _d10479 |
||